Manual de Medicina Legal (Tanatologia)

Detalles Bibliográficos
Autor principal: Vanrell, Jorge Paulete
Formato: eBook
Lenguaje:portugués
Publicado: San Pablo: JH Mizuno, 2016
Materias:
Acceso en línea:Acceso restringido

MARC

LEADER 00000nam a22000007a 4500
005 20180305235815.0
007 cr|||| ||||
008 180305s2016 br |||||s|||| 00||0 por d
020 |a 978-85-7789-242-6 
035 |a 21022 
040 |a vLex 
090 |c 7449  |d 7449 
100 1 |a Vanrell, Jorge Paulete 
245 1 0 |a Manual de Medicina Legal (Tanatologia)  |h [Recurso electrn̤ico] /  |c Jorge Paulete Vanrell 
256 |a Servicio en ln̕ea 
260 |a San Pablo:  |b JH Mizuno,  |c 2016 
300 |a 1 recurso electrn̤ico 
500 |a Na r̀ea abordada por esta obra ? diferentemente do que acontece em muitas outras ? os avanȯs do atual estado da tčnica se sucedem com significativa rapidez. A cada ediȯ̂, portanto, exige-se a inclusô de novos conceitos, temas ou queste̳s. Nesta 5® ediȯ̂, alm̌ das divise̳s temt̀icas que constavam das quatro ediė̳s anteriores, por serem tp̤icos palpitantes do nosso dia a dia ? por exemplo: Conceito Jurd̕ico de Morte, Transplantes de Órgôs e Tecidos, Protocolos de Necrp̤sias Especiais, O Exame Necroscp̤ico nos Casos de Morte por Tortura, As Exumaė̳s etc. ?, algumas novidades advieram e alguns conceitos se avolumaram, passando a permear as mais diversas atividades e nos obrigando a algumas atualizaė̳s, nô na forma de apresentaȯ̂ dos temas, e sim atentando para as exign̊cias da sociedade. O autor, Mďico-Legista (aposentado) do Estado de Sô Paulo, e Professor de Medicina Legal em Cursos de Graduaȯ̂ e de Ps̤-Graduaȯ̂, no Brasil e na Europa, com mais de trinta anos dedicados a perc̕ias no ḿbito da Medicina Legal e Cin̊cias Afins, ren︢e nesta obra uma sřie de conceitos fundamentais, que serô t︢eis para aqueles que comeȧm a trilhar seus r̀duos caminhos ou necessitam de conhecimentos mais amplos, para implementar as exign̊cias programt̀icas das provas preambulares de ingresso s̉ denominadas Carreiras Jurd̕icas. Assim sendo, neste trabalho, alm̌ dos conceitos cls̀sicos, amplia-se o leque com a inclusô da Bioťica e da Ética, aplicadas aos trabalhos periciais nos cadv̀eres e s̉ concluse̳s aplicv̀eis ao Direito, extrad̕as dos trabalhos mďico-legais. Em menos de dois anos, a Editora J.H. Mizuno manifestou seu interesse em obter material para uma quinta ediȯ̂, em que se inclus̕sem alguns tp̤icos especf̕icos, os quais sempre parecem apresentar-se como tabus na nossa r̀ea de atuaȯ̂, r̀ea essa em que o mďico-legista cada vez quer enxergar menos, para nô se ver envolvido demais. A Editora J.H. Mizuno aceitou o desafio de investir em uma r̀ea na qual existem poucos textos no mercado nacional, confiante em que nosso trabalho preencheria as exign̊cias de um pb︢lico restrito mas exigente. Nô mediu esforȯs para, com a exceln̊cia de trabalho que lhe ̌peculiar, entregar em tenpo recorde esta quinta ediȯ̂ da obra pronta, com uma qualidade que s ̤vem a valoriz-̀la. 
506 1 |a Disponible solo en los productos indicados  |d vLex Global  |d vLex Global (Academic Edition, excluding Law Schools)  |d vLex Global (U.S. Academic Edition, Law Schools)  |d vLex Global (U.S. Academic Edition, excluding Law Schools)  |d vLex Global (Academic Edition, Law Schools) 
650 0 4 |a Derecho Civil  |z Brasil 
650 0 4 |a Medicina  |z Brasil 
740 0 |a vLex Libros (Servicio en ln̕ea) 
856 4 0 |u http://vlex.com/source/manual-de-medicina-legal-tanatologia--21022  |z Acceso restringido 
942 |c BOOK 
999 0 |a Civil Law 
999 0 |a Medicine